000 00699nam a2200289Ia 4500
005 20260324122012.0
008 008 260324s9999 xx 000 0 eng d
020 _a9780203428054
037 _aEBOOK
040 _aCRL
040 _beng
040 _cCRL
041 _2eng
041 _aeng
084 _qCRL
100 _aTom Verebes
_91164728
245 0 _aMasterplanning the Adaptive City
245 0 _bComputational Urbanism in the Twenty-First Century
260 _bTaylor and Francis
260 _c2013
365 _a
365 _b290
856 _uhttp://www.taylorfrancis.com/books/9780203428054
942 _cEBOOK
999 _c1757154
_d1757154